000 00455nam a2200193Ia 4500
003 OSt
005 20250918142813.0
008 250729s2005 xx 000 0 und d
020 _a978-8171693108
040 _cAL
041 _aeng
082 _a370 SHAC
100 _aSharma B M
_9222725
245 _aChild education
260 _aNew Delhi
_bCommonwealth Publishers
_c2005
300 _a349p
650 _aPsychology
_9222726
942 _2ddc
_cBED
999 _c235583
_d235583